| 000 | 01761nam a2200517 i 4500 | ||
|---|---|---|---|
| 001 | 46793 | ||
| 003 | KOSZ 005 | ||
| 005 | 20240405063152.0 | ||
| 008 | 031118s2003 pl a |000 0 pol | ||
| 015 | _aUWD 2006/7900 | ||
| 020 | _a8391891410 | ||
| 035 | _a991021925499705066 | ||
| 035 | _a(PL-WaBN)b15921748-48omnis_nlop | ||
| 035 | _ab15921748 | ||
| 035 | _a(OCoLC)749147956 | ||
| 035 | _azz2003811052 | ||
| 035 | _a(PL)b0000001592174 | ||
| 035 | _a(EXLNZ-48OMNIS_NETWORK)9910323459805606 | ||
| 040 |
_aWA N _cWA N _dKOSZ 005/HR |
||
| 041 | 1 |
_apol _hfre |
|
| 046 | _k2003 | ||
| 080 | _a502.6/.7(438)"1989/..." | ||
| 245 | 0 | 0 |
_aEkologiczna sieć Natura 2000 - problem czy szansa / _cpod red. Małgorzaty Makomaskiej-Juchiewicz i Stanisława Tworka. |
| 260 |
_aKraków : _bInstytut Ochrony Przyrody PAN, _c2003. |
||
| 300 |
_a237 s. : _bil., err. ; _c23 cm. |
||
| 336 |
_aTekst _btxt _2rdacontent |
||
| 337 |
_aBez urządzenia pośredniczącego _bn _2rdamedia |
||
| 338 |
_aWolumin _bnc _2rdacarrier |
||
| 380 | _aKsiążki | ||
| 388 | _a2001- | ||
| 504 | _aBibliogr. przy pracach. | ||
| 546 | _aTekst częśc. tł. z fr. | ||
| 648 | _a1901-2000 | ||
| 648 | _a1989-2000 | ||
| 648 | _a2001- | ||
| 650 | 7 |
_aNATURA 2000 _2DBN |
|
| 650 | 7 |
_aOchrona przyrody _2DBN |
|
| 651 | _aPolska | ||
| 658 | _aOchrona środowiska | ||
| 700 | 1 |
_aMakomaska-Juchiewicz, Małgorzata _eRedakcja |
|
| 700 | 1 |
_aTworek, Stanisław _c(biolog) _eRedakcja |
|
| 710 | 2 |
_aInstytut Ochrony Przyrody (Polska Akademia Nauk) _4pbl |
|
| 856 |
_uhttp://koha.tu.koszalin.pl/cgi-bin/koha/opac-detail.pl?biblionumber=46793 _yKatalog online BPK |
||
| 942 |
_2UKD _cKS |
||
| 999 |
_c46793 _d46793 |
||